1211 1827 1283 1278 1470 1837 1274 1455 1332 1585 1093 1012 1187 1192 1419 1803 1145 1112 1587 1328 1018 1927 1746 1839 1805 1100 1175 1307 1884 1147 1712 1934 1580 1286 1435 1224 1779 1746 1531 1602 1007 1234 1815 1545 1039 1001 1642 1609 1981 1388 1509 1869 1763 1812 1198 1631 1116 1389 1405 1629 1626 1197 1565 1489 1702 1961 1489 1499 1444 1546 1725 1849 1041 1772 1171 1893 1031 1064 1896 1142 1429 1810 1933 1171 1619 1018 1895 1184 1104 1382 1358 1071 1364 1987 1689 1859 1231 1036 1976 BCNSPRNW ULIB Ver.6.0+V

เปลี่ยนเป็นภาษาไทย

Change to English
 แสดงรายละเอียดบรรณานุกรม
  กลับหน้าหลัก

Brief Record : Get Marc (ISO 2709) : E-mail record : QR code < ปิดหน้าต่าง
LEADER : 00000nam 2200000uu 4500
001    13399115144
003     ULIB
008    120712s2551||||th 000 0 tha d
020    ^a9786165310499
060  4 ^aQV766^bล333ก 2551
100 0  ^aลำดวน อุ่นใจ
245 00 ^aกินใบบัวบกเลิกพึ่งยาหมอ/^cลำดวน อุ่นใจ
260    ^aกรุงเทพฯ:^bแบงค์คอกบุคส์,^c2551
300    ^a63 หน้า:^bภาพประกอบ
650  7 ^aใบบัวบก
945    ^p59^l0^i16267
995    ^aกัณชพร
999    ^aใช้งานได้ทุกระบบ
รายการนี้ยังไม่มีแท็ก
คุณยังไม่ได้ล็อกอิน คุณสามารถมีกิจกรรมร่วมกับเว็บไซต์ได้ แต่ต้องล็อกอินก่อน ::
  ล็อกอิน

รายการสื่อสารสนเทศ

ลำดับที่ ประเภท เลขเรียก/บาร์โค้ด สถานที่ สถานะ
1. วิทยาศาสตร์การแพทย์ และสุขภาพ
วิทยาศาสตร์การแพทย์ และสุขภาพ
QV766 ล333ก 2551  
  Barcode: 16267
ห้องสมุดวิทยาเขตสวรรค์ประชารักษ์
►ส่วนจัดเก็บหนังสือเก่า สปร
บนชั้น
  ขอยืม

รายการใกล้เคียง
    ผู้แต่ง [ลำดวน อุ่นใจ]

    หัวเรื่อง [ใบบัวบก]

BibComment


ยังไม่เคยถูกคอมเมนท์

คอมเมนท์ทรัพยากรรายการนี้
  คอมเมนท์: กินใบบัวบกเลิกพึ..


 Copyright 2026. Bcnsprnw @Library